| Tag |
First Indicator |
Second Indicator |
Subfields |
| LEADER |
00000cam a22000007i 4500 |
| 001 |
in00005726041 |
| 005 |
20260319203757.6 |
| 006 |
m o d |
| 007 |
cr cnu---unuuu |
| 008 |
230424s2023 enka fob 001 0 eng d |
| 040 |
|
|
|a STBDS
|b eng
|e rda
|e pn
|c STBDS
|d EBLCP
|d OCLCO
|d OCLCQ
|d CNMON
|d YDX
|d OCLCF
|d OCLCO
|d UKAHL
|d N$T
|d OCLCO
|d N$T
|d CLOUD
|d UKKRT
|d OCLCQ
|d OCLCO
|d OCLKB
|d SFB
|
| 019 |
|
|
|a 1420366074
|a 1454586680
|a 1507867213
|a 1541780282
|
| 020 |
|
|
|a 9780191916175
|q ebook
|
| 020 |
|
|
|a 019191617X
|
| 020 |
|
|
|a 9780192648570
|q electronic book
|
| 020 |
|
|
|a 0192648578
|q electronic book
|
| 020 |
|
|
|a 9780192648563
|q (electronic bk.)
|
| 020 |
|
|
|a 019264856X
|q (electronic bk.)
|
| 020 |
|
|
|z 9780192895356
|q print
|
| 020 |
|
|
|z 0192895354
|
| 020 |
|
|
|z 019887524X
|
| 020 |
|
|
|z 9780198875246
|
| 024 |
7 |
|
|a 10.1093/oso/9780192895356.001.0001
|2 doi
|
| 035 |
|
|
|a (OCoLC)1409618860
|z (OCoLC)1420366074
|z (OCoLC)1454586680
|z (OCoLC)1507867213
|z (OCoLC)1541780282
|
| 043 |
|
|
|a e-ru---
|
| 050 |
|
4 |
|a KLB1572
|b .H4 2023
|
| 072 |
|
7 |
|a LAW
|2 ukslc
|
| 072 |
|
7 |
|a LN
|2 thema
|
| 082 |
0 |
4 |
|a 347.4701
|2 23/eng/20240924
|
| 049 |
|
|
|a TXAM
|
| 100 |
1 |
|
|a Hendley, Kathryn,
|e author.
|1 https://id.oclc.org/worldcat/entity/E39PBJcrfTqfF7QmxRYTpWjcT3
|
| 245 |
1 |
4 |
|a The judicial system of Russia /
|c Kathryn Hendley, Peter H. Solomon, Jr.
|
| 250 |
|
|
|a First edition.
|
| 264 |
|
1 |
|a Oxford :
|b Oxford University Press,
|c 2023.
|
| 300 |
|
|
|a 1 online resource :
|b illustrations.
|
| 336 |
|
|
|a text
|b txt
|2 rdacontent
|
| 337 |
|
|
|a computer
|b c
|2 rdamedia
|
| 338 |
|
|
|a online resource
|b cr
|2 rdacarrier
|
| 490 |
1 |
|
|a Judicial systems of the world
|
| 500 |
|
|
|a This edition also issued in print: 2023.
|
| 504 |
|
|
|a Includes bibliographical references and index.
|
| 520 |
8 |
|
|a This text paints a portrait of the courts of the Russian Federation under Putin. It stresses the dual nature of a judicial system where ordinary cases are handled fairly, but where cases of interest to powerful persons are subject to influence.
|
| 521 |
|
|
|a Specialized.
|
| 588 |
|
|
|a Description based on online resource and publisher information; title from PDF title page (viewed on November 16, 2023).
|
| 505 |
0 |
|
|a Cover -- Series -- The Judicial System of Russia -- Copyright -- Preface -- Contents -- List of Figures -- List of Tables -- List of Abbreviations -- List of Key Individuals -- Introduction -- Part I Historical Perspectives -- 1. Legacies from the Past: Tsarism and the Soviet Experience -- 2. (Re)Making of Courts and Judicial Governance, 1988-2021 -- Part II People, Attitudes, Politics -- 3. Judges and the Judiciary: Recruitment, Discipline, Careers -- 4. Lawyers: Training and Role in the Courts -- 5. Public Attitudes towards Courts and the Use of Courts
|
| 505 |
8 |
|
|a 6. Cases with Outside or Inappropriate Influence -- PART III Administration of Justice or Courts in Action -- 7. Justice-of-the-Peace Courts and Everyday Law -- 8. Administration of Criminal Justice -- 9. Civil Justice -- 10. Arbitrazh Courts and Business Disputes -- 11. Constitutional and Administrative Justice -- Conclusion -- Appendix -- References -- Index
|
| 588 |
0 |
|
|a Print version record.
|
| 650 |
|
0 |
|a Justice, Administration of
|z Russia (Federation)
|
| 650 |
|
0 |
|a Courts
|z Russia (Federation)
|
| 650 |
|
6 |
|a Tribunaux
|z Russie.
|
| 650 |
|
7 |
|a Comparative.
|2 bisacsh
|
| 650 |
|
7 |
|a LAW.
|2 bisacsh
|
| 650 |
|
7 |
|a Courts.
|2 bisacsh
|
| 650 |
|
7 |
|a Political Process.
|2 bisacsh
|
| 650 |
|
7 |
|a POLITICAL SCIENCE.
|2 bisacsh
|
| 650 |
|
7 |
|a Courts
|2 fast
|
| 650 |
|
7 |
|a Justice, Administration of
|2 fast
|
| 651 |
|
7 |
|a Russia (Federation)
|2 fast
|1 https://id.oclc.org/worldcat/entity/E39PBJhhmCp3jtcMQbx3WgpXVC
|
| 650 |
|
7 |
|a Laws of specific jurisdictions & specific areas of law.
|2 thema
|
| 650 |
|
7 |
|a Law.
|2 ukslc
|
| 655 |
|
7 |
|a Electronic books.
|2 local
|
| 655 |
|
7 |
|a e-books.
|2 aat
|
| 655 |
|
7 |
|a Livres numériques.
|2 rvmgf
|
| 700 |
1 |
|
|a Solomon, Peter H.,
|e author.
|
| 776 |
0 |
8 |
|i Print version:
|a Hendley, Kathryn.
|t Judicial system of Russia.
|b First edition.
|d Oxford : Oxford University Press, 2023
|z 9780191916175
|
| 776 |
0 |
8 |
|c Original
|z 0192895354
|z 9780192895356
|z 019887524X
|z 9780198875246
|
| 830 |
|
0 |
|a Judicial systems of the world.
|
| 856 |
4 |
0 |
|u http://proxy.library.tamu.edu/login?url=https://academic.oup.com/book/55311
|z Connect to the full text of this electronic book
|t 0
|
| 955 |
|
|
|a Oxford Scholarship Online
|
| 994 |
|
|
|a 92
|b TXA
|
| 999 |
f |
f |
|i a21197de-71a2-48fe-b0c5-77e79547c943
|s 381c539c-c9bd-4160-8aaf-ccbf5b575c2d
|t 0
|
| 952 |
f |
f |
|a Texas A&M University
|b College Station
|c Electronic Resources
|s www_evans
|d Available Online
|t 0
|e KLB1572 .H4 2023
|h Library of Congress classification
|
| 998 |
f |
f |
|a KLB1572 .H4 2023
|t 0
|l Available Online
|